000 00805nam a22001577a 4500
020 _a811915104-6
082 _a500
_bCBS/C
100 _aOSWAL GURUKUL
245 _aCBSE LAST YEARS SOLVED PAPERS:SCIENCE STREAM(PCM),ENG,PHYSICAL EDU,COMPUTER SCIENCE,PHY,CHE,MATHS
246 _aCBSE LAST YEARS SOLVED PAPERS:SCIENCE STREAM(PCM),ENG,PHYSICAL EDU,COMPUTER SCIENCE,PHY,CHE,MATHS
_bCBSE LAST YEARS SOLVED PAPERS:SCIENCE STREAM(PCM),ENG,PHYSICAL EDU,COMPUTER SCIENCE,PHY,CHE,MATHS
260 _aAGRA
_bOSWAL PUBLISHERS
_c2023
300 _a950
520 _aQUESTION BANK XII SCIENCE, CBSE LAST YEARS SOLVED PAPERS:SCIENCE STREAM(PCM),ENG,PHYSICAL EDU,COMPUTER SCIENCE,PHY,CHE,MATHS
650 _aCBSE LAST YEARS SOLVED PAPERS:SCIENCE STREAM(PCM),ENG,PHYSICAL EDU,COMPUTER SCIENCE,PHY,CHE,MATHS
942 _cBK
999 _c6887
_d6887